000 04211cam a2200421 a 4500
001 16943846
005 20170105102905.0
008 110901s2012 enk b 001 0 eng
010 _a 2011036749
_z 2012002360
020 _a9780415687270 (hardback)
020 _a9780203125588 (ebook)
040 _aDLC
_cDLC
_dDLC
042 _apcc
043 _ae------
050 0 0 _aKJC9430
_b.J867 2012
084 _aSOC004000
_aPOL037000
_aPOL035010
_2bisacsh
245 0 0 _aJustice and security in the 21st century :
_brisks, rights and the rule of Law /
_cedited by Barbara Hudson and Synnove Ugelvik.
260 _aAbingdon, Oxon ; New York :
_bRoutledge,
_c2012.
300 _axv, 240 p. ;
_c24 cm.
490 0 _aRoutledge studies in liberty and security
504 _aIncludes bibliographical references and index.
504 _aIncludes bibliographical references and index.
505 0 _aWho needs justice? who needs security? -- EU citizenship and the new landscape of fundamental rights : a conceptual sea change -- The justice of crimmigration law and the security of home -- Imprisoned on the border : subjects and objects of the state in two Norwegian prisons -- Punishing the uncommitted crime : prevention, pre-emption, precaution and the transformation of criminal law -- Iit takes a crisis : dilemmas of democracy in Norwegian emergency law -- Urbanscapes of injustice and insecurity -- Security, justice and the criminal justice system : remarks on EU criminal law -- Constitutional exceptionalism : efficacy, proportionality and the attenuation of balancing standards -- Policing the law of fear? -- Security versus justice : the individualisation of security and the erosion of citizenship and fundamental rights -- States of security : how the Lisbon treaty changes areas of freedom, security and justice.
520 _a"This book examines the question of whether justice or security is the primary virtue of 21st-century society. The problem of enhancing security without undermining justice managing risk without undermining the rule of law has always confronted society. However, recent developments such as new counter-terrorism measures, the expanding scope of criminal law, harsher migration control and an increasingly pronounced concern with public safety, have posed new challenges. According to the authors of this volume, the key element of these contemporary challenges is that of membership and exclusion: that is, who is to be included within the community of justice, and against whom is the just community aiming to defend itself? This book brings together researchers from various academic disciplines and different countries in order to explore these developments. It attempts to chart the complex landscapes of justice, human rights and the rule of law in an era when such ideals are challenged by increasing demands for efficiency, effectiveness, public safety and security. The book comprises four parts, based on their relation to different aspects of these new landscapes of justice and security: Situating the subjects of security, criminalization, control and security; The new balancing of justice and security; Changing structures and concepts of legitimacy.This book will be of much interest to students of critical legal studies, criminology, critical security studies, human rights, sociology and IR in general"--
650 0 _aCriminal justice, Administration of
_zEurope.
650 0 _aWar and emergency legislation
_zEurope.
650 0 _aNational security
_xLaw and legislation
_zEurope.
650 0 _aTerrorism
_xPrevention
_xLaw and legislation
_zEurope.
650 0 _aCivil rights
_zEurope.
650 7 _aSOCIAL SCIENCE / Criminology.
_2bisacsh
650 7 _aPOLITICAL SCIENCE / Political Freedom & Security / Terrorism.
_2bisacsh
650 7 _aPOLITICAL SCIENCE / Political Freedom & Security / Human Rights.
_2bisacsh
700 1 _aUgelvik, Synnøve,
_d1978-
700 1 _aHudson, Barbara,
_d1945-
906 _a7
_bcbc
_corignew
_d1
_eecip
_f20
_gy-gencatlg
942 _2ddc
_cBK
999 _c14849
_d14849